| 000 | 00466nam a2200169 a 4500 | ||
|---|---|---|---|
| 001 | 0000-8670 | ||
| 003 | ELIB.Books | ||
| 008 | 110520 1982 | ||
| 035 | _a(ELIB.Books)0000-8816 | ||
| 082 |
_aR _bWor |
||
| 100 | _aWorld Book | ||
| 245 | _aThe World Book Encyclopedia ( vol - 5 ) | ||
| 260 |
_bChicago: World Book Childcraft International, Inc. _c1982 |
||
| 650 | _aWorld Book Encyclopedia | ||
| 942 |
_2ddc _cBK |
||
| 998 |
_cbat _e2011-05-20 |
||
| 999 |
_c8670 _d8670 |
||